01218nam a2200241Ia 4500001001100000003001000011008004100021040002500062041001300087100001600100245002000116250001100136260007500147300001200222500019300234501011400427520019300541650002500734942000700759957000600766999004200772952016200814L910-50773IT-CnALBA170116s9999||||xx |||||||||||||| ||und|| aIT-CnALBAcIT-CnALBA aITALIANO aCANALI LUCA 0aGIULIO CESARE.  a1a ed. a ROMAbEDITORI RIUNITI c1999 [1° Ed.:1999 - Ed.Ling.Originale: 1999] a120 p.  aCESARE DITTATORE O PROGRESSISTA? ASCESA. CONDOTTIERO. LE RAGIONI DELL'ALTRO. LA GUERRA CIVILE. PASSIONALE O CINICO CALCOLATORE. SORTE DESTINO O CASO? MORTE, ANTOLOGIA CRITICA. CRONOLOGIA.  aSocietà San Paolo EM - Piazza San Paolo, 14 - 12051 ALBA (CN) (non commercial uses only) ® Copyright 2017 aCESARE DITTATORE O PROGRESSISTA? ASCESA. CONDOTTIERO. LE RAGIONI DELL'ALTRO. LA GUERRA CIVILE. PASSIONALE O CINICO CALCOLATORE. SORTE DESTINO O CASO? MORTE, ANTOLOGIA CRITICA. CRONOLOGIA.  aDIZIONARI GEOGRAFICI cBK 71 a57297bNOg Copie: 1 c309677d309677 0010406L_9105077371aALBAbALBAd2017-01-16l0oL910-50773r2017-01-16 00:00:00w2017-01-16yBKz(data import: 16 gennaio 2017) - By Epidotti, Vaglietti.